000 00395nam a2200169Ia 4500
008 230711s9999||||xx |||||||||||||| ||und||
020 _a978-988-19735-8-0
041 _aENG
082 _a720
_bLE-W
100 _aLee,Ying
245 4 _aThe world of SPA design v1 and v2
250 _a1st Ed.
260 _c2014
_aHong Kong
_bArtpower
300 _a247
650 _aArchitecture
942 _cBK
999 _c5710
_d5710